Báo cáo tổng kết : Ứng dụng bảng so màu lá để xác định thời kỳ và liều lượng bón phân đạm hợp lý cho lúa ở Đồng bằng sông Cửu Long (1998- 2000)

Wedi'i Gadw mewn:
Manylion Llyfryddiaeth
Fformat: Llyfr
Iaith:Undetermined
Cyhoeddwyd: Cần Thơ Viện nghiên cứu và Phát triển hệ thống canh tác Trường ĐH Cần Thơ 2001
Pynciau:
Tagiau: Ychwanegu Tag
Dim Tagiau, Byddwch y cyntaf i dagio'r cofnod hwn!
Thư viện lưu trữ: Trung tâm Học liệu Trường Đại học Cần Thơ
LEADER 00883nam a2200193Ia 4500
001 CTU_122586
008 210402s9999 xx 000 0 und d
082 |a 633.18 
082 |b B108 
245 0 |a Báo cáo tổng kết : 
245 0 |b Ứng dụng bảng so màu lá để xác định thời kỳ và liều lượng bón phân đạm hợp lý cho lúa ở Đồng bằng sông Cửu Long (1998- 2000) 
245 0 |c Viện nghiên cứu và Phát triển hệ thống canh tác Trường ĐH Cần Thơ 
260 |a Cần Thơ 
260 |b Viện nghiên cứu và Phát triển hệ thống canh tác Trường ĐH Cần Thơ 
260 |c 2001 
650 |a Rice,Rice 
650 |x Breeding,Effect of nitrate on 
904 |i M.Loan 
980 |a Trung tâm Học liệu Trường Đại học Cần Thơ